LEADER 01312nam a2200301 a 4500 001 000000133965 003 CaOOAMICUS 005 20130521124211.0 008 130521s2011 it u000 u ita r 020 $a978-88-348-2617-1 040 $aPUL$bita 082 04$a340.01 100 1 $aD'Agostino, Francesco,$d1946-$0(OLS)http://pul/name/10086 245 10$aCorso breve di filosofia del diritto /$cFrancesco D'Agostino. 260 $aTorino :$bGiappichelli,$cİ2011. 300 $a163 p. ;$c23 cm 490 1 $aRecta Ratio : testi e studi di filosofia del diritto. Sesta serie ;$v110 650 4$aFilosofia del diritto.$0(OLS)http://pul/subject/620 830 0$aRecta Ratio : testi e studi di filosofia del diritto.$nSesta serie ;$v110.$0(OLS)http://pul/title/151015 850 $aPUL 852 $aPUL$W1$xSL Diritto e Scienze Sociali 3$y79$m340. 01 COLL 1.110$j154032$qDDC 21$B153583$CPULBib$Z2$F153583 $H122384 $82 941 1 $a9 960 $aDiritto$xFilosofia$9620 996 $6020$a978-88-348-2617-1$9(OLS)http://pul/number/152740 996 $6082$a340.01$9(OLS)http://pul/classification/2214 996 $6245$aCorso breve di filosofia del diritto$9(OLS)http://pul/title/169356 996 $6260$aTorino :$bGiappichelli$9(OLS)http://pul/publisher/48244 LEADER 01968nam a2200349 a 4500 001 000000172641 003 CaOOAMICUS 005 20190910170044.0 008 190910s2019 it 000 udita r 032 $aLibriCat 040 $aPUL$bita 041 1 $aita$alat 082 00$a340.5 100 1 $aLa Pira, Giorgio,$d1905-1977.$0(OLS)http://pul/name/5368 245 13$aLa fondazione romanistica : $bscritti di storia e di diritto romano /$cGiorgio La Pira; a cura di Patrizia Giunti. 260 $aFirenze :$bFirenze University Press,$c2019. 300 $a2 v. ;$c24 cm 490 1 $aEdizione nazionale delle opere di Giorgio La Pira / [a cura della] Commissione ministeriale per l?Edizione nazionale delle opere di Giorgio La Pira 500 $aSull'occhietto: Edizione nazionale delle opere di Giorgio La Pira - Commissione ministeriale per l?edizione nazionale delle opere di Giorgio La Pira 504 $aBibliografia in nota. 650 4$aDiritto romano$xFonti.$0(OLS)http://pul/subject/1707 700 1 $aGiunti, Patrizia.$0(OLS)http://pul/name/88644 710 2 $aCommissione ministeriale per l?edizione nazionale delle opere di Giorgio La Pira.$0(OLS)http://pul/name/110854 830 0$aEdizione nazionale delle opere di Giorgio La Pira ;$vv. 2, 1-2.$0(OLS)http://pul/title/213609 850 $aPUL 852 $aPUL$W1$xSL Diritto e Scienze Sociali 3$y79$m340. 5 LAPGI 1.2.1$j196575$bv.1$qDDC 21$B201349$CPULBib$Z2$F201349 $H133471 $82 852 $aPUL$W1$xSL Diritto e Scienze Sociali 3$y79$m340. 5 LAPGI 1.2.2$j196576$bv.2$qDDC 21$B201350$CPULBib$Z2$F201350 $H133472 $82 941 1 $a9 996 $6082$a340.5$9(OLS)http://pul/classification/1655 996 $6245$aLa fondazione romanistica : $bscritti di storia e di diritto romano$9(OLS)http://pul/title/213608 996 $6260$aFirenze :$bFirenze University Press$9(OLS)http://pul/publisher/74481